Estudio de la aplicabilidad de la herramienta “Project Definition Rating Index” (PDRI) en la planificación de proyectos de construcción en Costa Rica
Guardat en:
| Autor principal: | |
|---|---|
| Altres autors: | |
| Format: | Llibre |
| Idioma: | Spanish |
| Publicat: |
[San José], Costa Rica
2022.
|
| Matèries: | |
| Etiquetes: |
Afegir etiqueta
Sense etiquetes, Sigues el primer a etiquetar aquest registre!
|
MARC
| LEADER | 00000nam a2200000Ia 4500 | ||
|---|---|---|---|
| 003 | 013446 | ||
| 005 | 20230330091104.0 | ||
| 008 | 140116s2022 cr a 000 ||spa d | ||
| 040 | |c cru CEDI | ||
| 100 | |a Mangel Granados, Ricardo José, 1996- |9 218 | ||
| 245 | |a Estudio de la aplicabilidad de la herramienta “Project Definition Rating Index” (PDRI) en la planificación de proyectos de construcción en Costa Rica | ||
| 260 | |a [San José], Costa Rica |c 2022. | ||
| 500 | |a Proyecto de graduación (licenciatura en ingeniería civil)--Universidad de Costa Rica. Facultad de Ingeniería. Escuela de Ingeniería Civil | ||
| 501 | |a Director de Proyecto de Graduación: Ing. Robert Anglin Fonseca, MSc. | ||
| 650 | |x PROYECTOS DE CONSTRUCCION - PLANIFICACION - COSTA RICA |x EVALUACION DE PROYECTOS - HERRAMIENTAS |x ADMINISTRACION DE PROYECTOS - METODOLOGIA |x INDUSTRIA DE LA CONSTRUCCION - PLANIFICACION - METODOLOGIA - COSTA RICA | ||
| 700 | |9 89 |a Anglin Fonseca, Robert Anthony, 1967- |d Director del TFG | ||
| 942 | |c CEDI |h TFG 8597 |2 ddc |6 TFG_8597_000000000000000 | ||
| 999 | |c 21948 |d 21948 | ||
